Gaming Quiz

Random Gaming or Pokémon Quiz

Fighting-Type Pokemon Quiz Stats

 Plays Quiz not verified by Sporcle

Also try: Wii Sports
Challenge
Share
Tweet
Embed
Score 0/55 Timer 07:00
0 Plays Today
National Dex Number Pokemon Name % Correct
066Machop
97.5%
067Machoke
96.2%
068Machamp
96.2%
107Hitmonchan
96.2%
062Poliwrath
94.9%
106Hitmonlee
94.9%
056Mankey
93.7%
057Primeape
93.7%
214Heracross
91.1%
391Monferno
91.1%
392Infernape
91.1%
237Hitmontop
89.9%
256Combusken
89.9%
257Blaziken
89.9%
499Pignite
89.9%
500Emboar
89.9%
236Tyrogue
88.6%
308Medicham
88.6%
286Breloom
87.3%
307Meditite
87.3%
638Cobalion
87.3%
453Croagunk
86.1%
454Toxicroak
86.1%
640Virizion
84.8%
447Riolu
83.5%
448Lucario
83.5%
539Sawk
83.5%
639Terrakion
83.5%
National Dex Number Pokemon Name % Correct
647Keldeo
83.5%
740Crabominable
83.5%
701Hawlucha
82.3%
296Makuhita
81%
297Hariyama
81%
538Throh
81%
532Timburr
78.5%
533Gurdurr
78.5%
534Conkeldurr
77.2%
559Scraggy
77.2%
648Meloetta (Pirouette Forme)
77.2%
739Crabrawler
77.2%
802Marshadow
77.2%
560Scrafty
75.9%
675Pangoro
75.9%
652Chesnaught
74.7%
674Pancham
74.7%
760Bewear
74.7%
784Kommo-o
74.7%
794Buzzwole
74.7%
783Hakamo-o
73.4%
475Gallade
72.2%
620Mienshao
72.2%
619Mienfoo
70.9%
759Stufful
70.9%
795Pheromosa
69.6%
766Passimian
48.1%

You're not logged in!

Compare scores with friends on all Sporcle quizzes.
Join for Free
OR
Log In

You Might Also Like...

Show Comments

Extras

Top Quizzes Today


Score Distribution

Your Account Isn't Verified!

In order to create a playlist on Sporcle, you need to verify the email address you used during registration. Go to your Sporcle Settings to finish the process.

Report this User

Report this user for behavior that violates our Community Guidelines.

Details: